000 00226 a2200097 4500
001 59971
100 _a
245 _aMain Nay Dhaka Doobtey Dekha
260 _aLahore
_bAl-faisal Nashran
_c2009
090 _c36809
_d36809
942 _aNUST-CAE
_cMONOGRAPH
_c29790
999 _c295044
_d295044